000 00514nam a22001697a 4500
005 20251108164100.0
008 250721s9999 xx 000 0 ara d
082 1 4 _a818.03/سلس
100 1 _aصفوة، نجدة
_eتحقيق
245 1 0 _aسلسلة الأعمال المجهولة معروف الرصافي /
264 1 _aبيروت :
_bرياض الريس،
_c[19-].
300 _a111ص
650 1 7 _aالأدب العربي
650 1 7 _aالمذكرت الشخصية
942 _2ddc
_cBK
999 _c3136
_d3136